=LDR 00000nam 2200000 4500 =001 INLIS000000000037582 =005 20200227075502 =035 ##$$a 0010-061300000037582 =008 200227################g##########0#ind## =041 ##$$a Ind =082 ##$$a 177 =090 ##$$a 177, Neu t =100 ##$$a Neuman, M. Gary =245 1#$$a The truth about cheating : $b Mengapa pria berselingkuh dan bagaimana mencegahnya /$c M. Gary Neuman ; editor, Nahir Pradana =260 ##$$a Jakarta :$b Gagas media,$c 2011 =300 ##$$a viii, 275 hlm : $b ilus ; $c 21 x14,5 cm =650 #4$$a Etika pergaulan-selingkuh =850 ##$$a NBPNMAT =020 ##$$a 979-780-485-2 =084 ##$$a 177 NEU t =250 ##$$a Cet. 1 =990 ##$$a 21109130